MARC

LEADER 00000nam0a2200000 4500
001 19835
005 20231101205318.0
035 |a (RuTPU)RU\TPU\book\20004 
035 |a BOOK00020074 
090 |a 19835 
100 |a 20011209d1991 k y0rusy50 ca 
101 0 |a rus 
102 |a RU 
105 |a y z 000zy 
200 1 |a Избранное  |f Н. О. Лосский 
210 |a Москва  |c Правда  |d 1991 
215 |a 622 с. 
225 1 |a Приложение к журналу "Вопросы философии" 
606 1 |a Русская философия  |x история  |z 20 в.  |2 stltpush  |3 (RuTPU)RU\TPU\subj\67507  |9 83282 
610 1 |a философия 
610 1 |a история 
610 1 |a 20 век 
610 1 |a религиозная философия 
610 1 |a личность 
610 1 |a интуитивизм 
610 1 |a свобода 
610 1 |a воля 
686 |a Ю3(2)6  |v LBC/SL-A  |2 rubbk 
700 1 |a Лосский  |b Н. О.  |c русский философ-идеалист  |f 1870-1965  |g Николай Онуфриевич  |2 stltpush  |3 (RuTPU)RU\TPU\pers\1222  |9 546 
801 0 |a RU  |b 63413507  |c 20011209  |g PSBO 
801 2 |a RU  |b 63413507  |c 20141028  |g PSBO 
900 |a Философия 
942 |c BK